000 00626nam a2200229Ia 4500
003 OSt
005 20240808122743.0
008 210719s2015 xx 000 0 und d
020 _a978-93-81410-85-1
040 _cAL
041 _akan
082 _aK894.4 PARS
100 _aPARVATHI G AITAL:
_dಪಾರ್ವತಿ ಜಿ ಐತಾಳ್
_9175823
245 _aSamakshama:
_bಸಮಕ್ಷಮ
260 _aBengaluru
_bAnnapurna prakashana
_c2015
300 _axi,311
_bPB
365 _b225
_cRs
650 _aKannada Prose
_9175824
650 _aKannada Prose
_9175824
906 _aSamakshama
942 _2ddc
_cBK
999 _c215738
_d215738